[Event "WYCC Open U16"]
[Site "Porto Carras"]
[Date "2015.10.25"]
[Round "1.15"]
[White "Adar, Idan"]
[Black "Makhnyov, Denis"]
[Result "1/2-1/2"]
[WhiteElo "2060"]
[BlackElo "2399"]
[PlyCount "89"]
[EventDate "2015.??.??"]
[WhiteClock "0:32:51"]
[BlackClock "0:46:16"]

1. e4 e5 2. Nf3 Nc6 3. Bb5 Nf6 4. d3 Bc5 5. O-O Nd4 6. Nxd4 Bxd4 7. c3 Bb6 8.
Na3 c6 9. Ba4 O-O 10. Bc2 d5 11. Qf3 Be6 12. h3 Nd7 13. c4 dxe4 14. dxe4 Bd4
15. Rb1 a5 16. Be3 Qb6 17. Bxd4 Qxd4 18. Rfd1 Qc5 19. Bd3 Rfd8 20. Rbc1 Qb4 21.
Nc2 Qxb2 22. Rb1 Qxa2 23. Qe2 a4 24. Rb4 Nc5 25. Ra1 Qxa1+ 26. Nxa1 Rxd3 27.
Rxb7 Rc3 28. Qb2 Nxb7 29. Qxc3 Nd6 30. Qxe5 Nxc4 31. Qd4 a3 32. f4 f6 33. Qc5
Bf7 34. Qxc6 Rb8 35. Qc7 Rb1+ 36. Kh2 h6 37. e5 fxe5 38. fxe5 Re1 39. Nc2 Re2
40. e6 Bxe6 41. Nd4 a2 42. Nxe6 a1=Q 43. Qc8+ Kf7 44. Qd7+ Kg8 45. Qe8+ {
Re4 Nd4+ Qa2 Qxe4} 1/2-1/2

[Event "WYCC Open U16"]
[Site "Porto Carras"]
[Date "2015.10.25"]
[Round "1.16"]
[White "Cori Quispe, Kevin"]
[Black "Szustakowski, Antoni"]
[Result "1/2-1/2"]
[WhiteElo "2395"]
[BlackElo "2057"]
[PlyCount "98"]
[EventDate "2015.??.??"]
[WhiteClock "0:06:10"]
[BlackClock "0:22:50"]

1. e4 e6 2. d4 d5 3. Nc3 Bb4 4. e5 c5 5. a3 Bxc3+ 6. bxc3 Ne7 7. Qg4 O-O 8. Nf3
Nbc6 9. Bd3 f5 10. exf6 Rxf6 11. Bg5 e5 12. Qh4 e4 13. Bxf6 gxf6 14. Qxf6 Qf8
15. Qxf8+ Kxf8 16. dxc5 exf3 17. gxf3 Bf5 18. O-O-O Bxd3 19. cxd3 d4 20. c4 Ne5
21. f4 Nd7 22. Rhg1 Nxc5 23. Rg5 b6 24. Kd2 Ne6 25. Rh5 Nxf4 26. Rxh7 Nfg6 27.
Re1 Re8 28. Re6 Kg8 29. Rh6 Kf7 30. Re4 Kg7 31. Rh5 Rf8 32. Rxd4 Rxf2+ 33. Ke3
Rf5 34. Rh3 Ra5 35. Rd7 Kf6 36. Kd2 Rxa3 37. Kc2 Ke6 38. Rb7 Ra5 39. Rh7 Nc6
40. h4 Nge5 41. h5 Ra2+ 42. Kd1 Nd4 43. Rxa7 Rb2 44. Rh6+ Kf5 45. Rd6 Nef3 46.
Kc1 Rc2+ 47. Kd1 Rd2+ 48. Kc1 Rc2+ 49. Kd1 Rd2+ 1/2-1/2

[Event "WYCC Open U16"]
[Site "Porto Carras"]
[Date "2015.10.25"]
[Round "1.17"]
[White "Thorhallsson, Simon"]
[Black "Nikitenko, Mihail"]
[Result "0-1"]
[WhiteElo "2057"]
[BlackElo "2393"]
[PlyCount "90"]
[EventDate "2015.??.??"]
[WhiteClock "0:32:54"]
[BlackClock "1:04:42"]

1. d4 g6 2. c4 Bg7 3. Nc3 Nf6 4. e4 O-O 5. f3 d6 6. Be3 Nc6 7. Nge2 a6 8. Qd2
Rb8 9. Rc1 Bd7 10. Nd1 e5 11. d5 Ne7 12. c5 Ne8 13. g3 f5 14. Nf2 Nf6 15. Bg2
fxe4 16. fxe4 Ng4 17. Nxg4 Bxg4 18. Rf1 Qd7 19. Rxf8+ Rxf8 20. Ng1 Qb5 21. h3
Bd7 22. g4 h5 23. g5 Nc8 24. Bf2 Rf4 25. Ne2 Rf7 26. Ng3 h4 27. Ne2 Bf8 28.
Bxh4 dxc5 29. Bg3 Bd6 30. Nc3 Qa5 31. Bf2 b5 32. Kf1 b4 33. Ne2 Qxa2 34. Kg1 c4
35. Qc2 Ba4 36. Qxc4 Qxc4 37. Rxc4 Bb5 38. Rc2 b3 39. Rd2 Bb4 40. Nc3 Bxc3 41.
bxc3 a5 42. Bc5 Nd6 43. Rd1 a4 44. Kh2 b2 45. Bb4 Bd3 0-1

[Event "WYCC Open U16"]
[Site "Porto Carras"]
[Date "2015.10.25"]
[Round "1.18"]
[White "Capone, Nicola"]
[Black "Ahn, Hongjin"]
[Result "1-0"]
[WhiteElo "2391"]
[BlackElo "2054"]
[PlyCount "121"]
[EventDate "2015.??.??"]
[WhiteClock "0:02:27"]
[BlackClock "0:22:56"]

1. e4 c5 2. Nf3 d6 3. d4 cxd4 4. Nxd4 Nf6 5. Nc3 a6 6. Bc4 e6 7. Bb3 Be7 8. O-O
Qc7 9. Qf3 O-O 10. Qg3 Kh8 11. Be3 Nc6 12. Nxc6 Qxc6 13. f3 b5 14. Rfd1 Rb8 15.
Kh1 Bd7 16. a3 Qc7 17. Rd2 a5 18. a4 bxa4 19. Nxa4 Bxa4 20. Bxa4 Rxb2 21. Bb3
Rb8 22. Rdd1 Nh5 23. Qh3 Bf6 24. Qxh5 R2xb3 25. cxb3 Bxa1 26. Rxa1 Qc3 27. Qxa5
Qxe3 28. Qb4 Rc8 29. Qc4 Qc5 30. Qxc5 dxc5 31. Kg1 g6 32. Rc1 Kg7 33. Kf2 Rb8
34. Rc3 Kf6 35. Ke3 Ke7 36. Kd3 Kd6 37. Kc2 Rb7 38. Rd3+ Kc6 39. Rd8 Ra7 40.
Kb2 Rd7 41. Rc8+ Rc7 42. Rh8 f5 43. Kc3 fxe4 44. fxe4 Kd6 45. Rb8 Ke5 46. Rb6
g5 47. Kc4 g4 48. Rb5 Kxe4 49. Rxc5 Rxc5+ 50. Kxc5 e5 51. b4 Kd3 52. b5 e4 53.
b6 e3 54. b7 e2 55. b8=Q e1=Q 56. Qb3+ Qc3+ 57. Qxc3+ Kxc3 58. Kd5 Kd3 59. Ke5
Ke3 60. Kf5 h5 61. g3 {Ke4+} 1-0

[Event "WYCC Open U16"]
[Site "Porto Carras"]
[Date "2015.10.26"]
[Round "2.1"]
[White "Rambaldi, Francesco"]
[Black "Kozusek, Daniel"]
[Result "1-0"]
[BlackElo "2279"]
[WhiteElo "2547"]
[LiveChessVersion "1.4.6"]

1. c4 {[%clk 1:30:57]} Nf6 {[%clk 1:28:35]} 2. Nf3 {[%clk 1:28:48]} e6
{[%clk 1:27:44]} 3. g3 {[%clk 1:28:55]} d5 {[%clk 1:24:10]} 4. Bg2
{[%clk 1:28:38]} dxc4 {[%clk 1:20:57]} 5. Qa4+ {[%clk 1:28:51]} Nbd7
{[%clk 1:19:17]} 6. Qxc4 {[%clk 1:28:53]} a6 {[%clk 1:19:19]} 7. Qc2
{[%clk 1:29:01]} Rb8 {[%clk 1:18:29]} 8. d4 {[%clk 1:25:14]} b5 {[%clk 1:14:46]}
9. Bf4 {[%clk 1:13:22]} Nd5 {[%clk 1:08:08]} 10. Bg5 {[%clk 1:11:24]} Be7
{[%clk 1:01:30]} 11. Bxe7 {[%clk 1:11:27]} Nxe7 {[%clk 1:01:33]} 12. Nbd2
{[%clk 1:09:49]} Bb7 {[%clk 1:00:35]} 13. Nb3 {[%clk 1:08:26]} O-O
{[%clk 0:54:30]} 14. Rc1 {[%clk 1:07:54]} Nd5 {[%clk 0:48:09]} 15. O-O
{[%clk 1:02:46]} Qe7 {[%clk 0:42:26]} 16. Nc5 {[%clk 1:00:17]} Nxc5
{[%clk 0:28:37]} 17. Qxc5 {[%clk 1:00:45]} Rfc8 {[%clk 0:24:45]} 18. Ne5
{[%clk 0:59:25]} f6 {[%clk 0:17:17]} 19. Bxd5 {[%clk 0:59:32]} Qxc5
{[%clk 0:17:19]} 20. Bxe6+ {[%clk 0:59:53]} 1-0

[Event "WYCC Open U16"]
[Site "Porto Carras"]
[Date "2015.10.26"]
[Round "2.2"]
[White "Perez Garcia, Alejandro"]
[Black "Fawzy, Adham"]
[Result "0-1"]
[BlackElo "2483"]
[WhiteElo "2275"]
[LiveChessVersion "1.4.6"]

1. c4 {[%clk 1:30:56]} Nf6 {[%clk 1:30:40]} 2. g3 {[%clk 1:31:07]} c5
{[%clk 1:29:12]} 3. Bg2 {[%clk 1:28:51]} d5 {[%clk 1:29:34]} 4. cxd5
{[%clk 1:28:22]} Nxd5 {[%clk 1:29:58]} 5. Nc3 {[%clk 1:28:08]} Nc7
{[%clk 1:30:22]} 6. Nf3 {[%clk 1:27:58]} Nc6 {[%clk 1:29:58]} 7. O-O
{[%clk 1:27:51]} g6 {[%clk 1:29:21]} 8. d3 {[%clk 1:26:03]} Bg7 {[%clk 1:29:45]}
9. Be3 {[%clk 1:20:55]} b6 {[%clk 1:27:32]} 10. Qd2 {[%clk 1:15:37]} O-O
{[%clk 1:27:13]} 11. Bh6 {[%clk 1:14:27]} Rb8 {[%clk 1:27:36]} 12. Rfd1
{[%clk 1:08:15]} e5 {[%clk 1:26:40]} 13. Bxg7 {[%clk 1:03:58]} Kxg7
{[%clk 1:26:19]} 14. e3 {[%clk 1:00:49]} Ne6 {[%clk 1:24:38]} 15. a3
{[%clk 0:57:47]} Qe7 {[%clk 1:14:31]} 16. Ne1 {[%clk 0:51:05]} Bb7
{[%clk 1:13:25]} 17. b4 {[%clk 0:49:56]} Rfd8 {[%clk 0:57:57]} 18. Qb2
{[%clk 0:45:05]} cxb4 {[%clk 0:49:48]} 19. axb4 {[%clk 0:41:37]} Qxb4
{[%clk 0:49:31]} 20. Qxb4 {[%clk 0:40:55]} Nxb4 {[%clk 0:49:53]} 21. Rxa7
{[%clk 0:40:49]} Bxg2 {[%clk 0:50:20]} 22. Kxg2 {[%clk 0:39:58]} Nc5
{[%clk 0:50:49]} 23. Rb1 {[%clk 0:15:52]} Nbxd3 {[%clk 0:48:44]} 24. Nf3
{[%clk 0:12:59]} h6 {[%clk 0:46:31]} 25. Rc7 {[%clk 0:10:08]} Ra8
{[%clk 0:27:04]} 26. Rxb6 {[%clk 0:08:20]} Ra3 {[%clk 0:27:24]} 27. Nb1
{[%clk 0:00:58]} Ra2 {[%clk 0:27:44]} 28. Nfd2 {[%clk 0:00:54]} Nxf2
{[%clk 0:27:51]} 29. Rxc5 {[%clk 0:00:47]} Ne4 {[%clk 0:28:19]} 30. Rxe5
{[%clk 0:00:36]} Nxd2 {[%clk 0:28:47]} 31. Nxd2 {[%clk 0:00:38]} Rdxd2+
{[%clk 0:29:16]} 32. Kf3 {[%clk 0:00:54]} f5 {[%clk 0:27:46]} 33. g4
{[%clk 0:00:36]} Rf2+ {[%clk 0:28:14]} 34. Kg3 {[%clk 0:00:41]} Rg2+
{[%clk 0:28:43]} 35. Kh3 {[%clk 0:00:47]} Rxh2+ {[%clk 0:29:11]} 36. Kg3
{[%clk 0:01:09]} Rag2+ {[%clk 0:29:24]} 37. Kf3 {[%clk 0:01:13]} Rf2+
{[%clk 0:29:52]} 38. Kg3 {[%clk 0:01:32]} Rhg2+ {[%clk 0:30:17]} 39. Kh3
{[%clk 0:01:27]} fxg4+ {[%clk 0:30:45]} 40. Kh4 {[%clk 0:31:51]} Rf3
{[%clk 1:00:56]} 0-1

[Event "WYCC Open U16"]
[Site "Porto Carras"]
[Date "2015.10.26"]
[Round "2.4"]
[White "Papadopoulos, Argirios"]
[Black "Moroni, Luca Jr"]
[Result "1-0"]
[BlackElo "2460"]
[WhiteElo "2267"]
[LiveChessVersion "1.4.6"]

1. e4 {[%clk 1:28:10]} c5 {[%clk 1:30:57]} 2. Nf3 {[%clk 1:28:35]} d6
{[%clk 1:31:24]} 3. d4 {[%clk 1:28:58]} cxd4 {[%clk 1:31:51]} 4. Nxd4
{[%clk 1:29:23]} Nf6 {[%clk 1:32:17]} 5. Nc3 {[%clk 1:29:47]} a6 {[%clk 1:32:45]}
6. Bc4 {[%clk 1:29:57]} e6 {[%clk 1:32:06]} 7. Bb3 {[%clk 1:30:22]} Be7
{[%clk 1:31:21]} 8. g4 {[%clk 1:30:40]} h6 {[%clk 1:29:53]} 9. Be3
{[%clk 1:24:52]} Qc7 {[%clk 1:26:36]} 10. f3 {[%clk 1:22:48]} Nc6
{[%clk 1:25:35]} 11. Qd2 {[%clk 1:21:13]} Bd7 {[%clk 1:22:40]} 12. O-O-O
{[%clk 1:18:15]} Nxd4 {[%clk 1:17:59]} 13. Bxd4 {[%clk 1:13:41]} b5
{[%clk 1:15:49]} 14. h4 {[%clk 0:46:26]} a5 {[%clk 1:04:51]} 15. g5
{[%clk 0:44:01]} Nh5 {[%clk 0:59:35]} 16. a4 {[%clk 0:39:57]} b4 {[%clk 0:54:40]}
17. Ne2 {[%clk 0:38:28]} Kf8 {[%clk 0:27:31]} 18. Rdg1 {[%clk 0:15:35]} e5
{[%clk 0:16:30]} 19. Bxe5 {[%clk 0:09:53]} dxe5 {[%clk 0:14:15]} 20. Qd5
{[%clk 0:10:07]} Be8 {[%clk 0:14:34]} 21. Qxa8 {[%clk 0:09:13]} hxg5
{[%clk 0:14:58]} 22. hxg5 {[%clk 0:08:28]} g6 {[%clk 0:15:24]} 23. Qd5
{[%clk 0:01:09]} Kg7 {[%clk 0:14:45]} 24. Kb1 {[%clk 0:00:55]} Bc5
{[%clk 0:12:28]} 25. Rg4 {[%clk 0:00:32]} Be7 {[%clk 0:06:02]} 26. Ng3
{[%clk 0:00:37]} Nf4 {[%clk 0:04:43]} 27. Rxh8 {[%clk 0:00:32]} Kxh8
{[%clk 0:01:19]} 28. Qd1 {[%clk 0:00:32]} Kg8 {[%clk 0:01:42]} 29. Qh1
{[%clk 0:00:35]} Bf8 {[%clk 0:01:13]} 30. Rh4 {[%clk 0:00:31]} Bg7
{[%clk 0:01:42]} 31. Rh2 {[%clk 0:00:31]} Qd8 {[%clk 0:02:03]} 32. Ne2
{[%clk 0:00:32]} Qxg5 {[%clk 0:02:10]} 33. Qg1 {[%clk 0:00:32]} Qf6
{[%clk 0:02:39]} 34. Nc1 {[%clk 0:00:32]} Ne6 {[%clk 0:02:10]} 35. Qe3
{[%clk 0:00:32]} Nd4 {[%clk 0:02:29]} 36. Rd2 {[%clk 0:00:32]} Qh4
{[%clk 0:02:07]} 37. Rd1 {[%clk 0:00:33]} Qh2 {[%clk 0:01:26]} 38. Qg5
{[%clk 0:00:33]} Qf2 {[%clk 0:00:48]} 39. Qe7 {[%clk 0:00:34]} Nxb3
{[%clk 0:00:37]} 40. Qxe8+ {[%clk 0:30:49]} Bf8 {[%clk 0:30:55]} 41. Nxb3
{[%clk 0:29:32]} Qxf3 {[%clk 0:31:02]} 42. Rd8 {[%clk 0:29:46]} 1-0

[Event "WYCC Open U16"]
[Site "Porto Carras"]
[Date "2015.10.26"]
[Round "2.5"]
[White "Maghsoodloo, Parham"]
[Black "Povill Claros, Xavier"]
[Result "1-0"]
[BlackElo "2271"]
[WhiteElo "2457"]
[LiveChessVersion "1.4.6"]

1. Nf3 {[%clk 1:30:58]} Nf6 {[%clk 1:30:54]} 2. c4 {[%clk 1:31:21]} b6
{[%clk 1:31:20]} 3. g3 {[%clk 1:31:44]} Bb7 {[%clk 1:31:46]} 4. Bg2
{[%clk 1:32:10]} g6 {[%clk 1:31:33]} 5. b3 {[%clk 1:32:33]} Bg7 {[%clk 1:31:54]}
6. Bb2 {[%clk 1:32:54]} O-O {[%clk 1:32:14]} 7. O-O {[%clk 1:33:21]} e6
{[%clk 1:32:16]} 8. d4 {[%clk 1:33:05]} c5 {[%clk 1:25:32]} 9. Nc3
{[%clk 1:28:31]} a6 {[%clk 1:20:59]} 10. Rc1 {[%clk 1:22:27]} Qc7
{[%clk 1:17:07]} 11. Qd2 {[%clk 1:14:40]} d6 {[%clk 1:15:17]} 12. Rfe1
{[%clk 1:13:51]} Rd8 {[%clk 1:06:21]} 13. e4 {[%clk 1:14:01]} cxd4
{[%clk 1:06:22]} 14. Nxd4 {[%clk 1:14:21]} Nc6 {[%clk 1:03:01]} 15. Nd5
{[%clk 1:12:31]} exd5 {[%clk 0:53:23]} 16. cxd5 {[%clk 1:12:48]} Re8
{[%clk 0:50:33]} 17. Nxc6 {[%clk 1:07:37]} Qd7 {[%clk 0:49:20]} 18. e5
{[%clk 1:04:16]} dxe5 {[%clk 0:47:46]} 19. Nxe5 {[%clk 1:04:40]} Qd8
{[%clk 0:38:52]} 20. d6 {[%clk 1:02:34]} Bxg2 {[%clk 0:37:24]} 21. Kxg2
{[%clk 1:00:36]} b5 {[%clk 0:18:31]} 22. Rc7 {[%clk 1:00:33]} 1-0

[Event "WYCC Open U16"]
[Site "Porto Carras"]
[Date "2015.10.26"]
[Round "2.6"]
[White "Haria, Ravi"]
[Black "Petrov, Martin"]
[Result "1/2-1/2"]
[BlackElo "2267"]
[WhiteElo "2445"]
[LiveChessVersion "1.4.6"]

1. Nf3 {[%clk 1:30:57]} Nf6 {[%clk 1:30:49]} 2. g3 {[%clk 1:30:52]} g6
{[%clk 1:28:31]} 3. Bg2 {[%clk 1:31:15]} Bg7 {[%clk 1:28:57]} 4. d4
{[%clk 1:29:57]} d5 {[%clk 1:29:02]} 5. c4 {[%clk 1:27:34]} c6 {[%clk 1:29:27]}
6. O-O {[%clk 1:27:26]} O-O {[%clk 1:29:50]} 7. cxd5 {[%clk 1:27:17]} cxd5
{[%clk 1:30:14]} 8. Nc3 {[%clk 1:26:28]} Nc6 {[%clk 1:30:38]} 9. Ne5
{[%clk 1:26:46]} Bf5 {[%clk 1:31:03]} 10. Bf4 {[%clk 1:23:37]} Rc8
{[%clk 1:29:18]} 11. Rc1 {[%clk 1:20:11]} Qb6 {[%clk 1:19:10]} 12. Qd2
{[%clk 1:00:40]} Rfd8 {[%clk 1:01:33]} 13. Rfd1 {[%clk 0:51:32]} Ne4
{[%clk 0:45:13]} 14. Nxe4 {[%clk 0:42:30]} dxe4 {[%clk 0:44:04]} 15. Nxc6
{[%clk 0:33:44]} Rxc6 {[%clk 0:43:08]} 16. Rxc6 {[%clk 0:31:30]} bxc6
{[%clk 0:29:19]} 17. Be3 {[%clk 0:30:55]} c5 {[%clk 0:22:05]} 18. d5
{[%clk 0:29:31]} Bd4 {[%clk 0:22:28]} 19. Qc2 {[%clk 0:23:20]} Rxd5
{[%clk 0:15:16]} 20. Bxe4 {[%clk 0:23:13]} Bxe4 {[%clk 0:15:38]} 21. Qxe4
{[%clk 0:23:38]} e6 {[%clk 0:16:02]} 22. Bxd4 {[%clk 0:22:15]} Rxd4
{[%clk 0:15:53]} 23. Rxd4 {[%clk 0:22:39]} cxd4 {[%clk 0:16:19]} 24. b3 1/2-1/2

[Event "WYCC Open U16"]
[Site "Porto Carras"]
[Date "2015.10.26"]
[Round "2.7"]
[White "Ritviz, Parab"]
[Black "Lorparizangeneh, Shahin"]
[Result "1/2-1/2"]
[BlackElo "2440"]
[WhiteElo "2267"]
[LiveChessVersion "1.4.6"]

1. e4 {[%clk 1:30:56]} e5 {[%clk 1:30:42]} 2. Nf3 {[%clk 1:31:19]} Nc6
{[%clk 1:31:07]} 3. Bb5 {[%clk 1:31:44]} a6 {[%clk 1:31:30]} 4. Ba4
{[%clk 1:32:10]} Nf6 {[%clk 1:31:54]} 5. O-O {[%clk 1:32:32]} b5 {[%clk 1:31:48]}
6. Bb3 {[%clk 1:32:24]} Bb7 {[%clk 1:32:03]} 7. d3 {[%clk 1:27:54]} Be7
{[%clk 1:31:28]} 8. c3 {[%clk 1:24:35]} O-O {[%clk 1:30:52]} 9. a4
{[%clk 1:23:29]} d6 {[%clk 1:27:19]} 10. Nbd2 {[%clk 1:23:10]} Nd7
{[%clk 1:23:11]} 11. Bc2 {[%clk 1:10:03]} Bf6 {[%clk 1:19:22]} 12. Re1
{[%clk 1:08:15]} Nc5 {[%clk 1:08:38]} 13. axb5 {[%clk 1:04:41]} axb5
{[%clk 1:09:02]} 14. Rxa8 {[%clk 1:05:05]} Bxa8 {[%clk 1:08:01]} 15. Nf1
{[%clk 0:59:13]} d5 {[%clk 1:01:42]} 16. Ne3 {[%clk 0:55:07]} dxe4
{[%clk 0:55:57]} 17. dxe4 {[%clk 0:55:32]} Qxd1 {[%clk 0:55:02]} 18. Rxd1
{[%clk 0:54:51]} Ne7 {[%clk 0:55:02]} 19. Ng4 {[%clk 0:51:04]} Ng6
{[%clk 0:45:22]} 20. Nxf6+ {[%clk 0:43:44]} gxf6 {[%clk 0:45:46]} 21. Bh6
{[%clk 0:44:06]} Rb8 {[%clk 0:44:09]} 22. Nd2 {[%clk 0:41:53]} b4
{[%clk 0:40:01]} 23. f3 {[%clk 0:36:55]} Bc6 {[%clk 0:36:50]} 24. g3
{[%clk 0:21:11]} Kh8 {[%clk 0:32:23]} 25. Nb3 {[%clk 0:12:02]} Ne6
{[%clk 0:31:28]} 26. Na5 {[%clk 0:10:59]} Be8 {[%clk 0:30:32]} 27. Bb3
{[%clk 0:10:32]} bxc3 {[%clk 0:28:39]} 28. bxc3 {[%clk 0:10:37]} Nc5
{[%clk 0:26:17]} 29. Bc2 {[%clk 0:06:18]} Ne6 {[%clk 0:23:56]} 30. Nc4
{[%clk 0:03:57]} Ne7 {[%clk 0:22:42]} 31. Rb1 {[%clk 0:02:41]} Ra8
{[%clk 0:21:04]} 32. Be3 {[%clk 0:01:02]} Bc6 {[%clk 0:16:13]} 33. f4
{[%clk 0:00:46]} exf4 {[%clk 0:14:54]} 34. gxf4 {[%clk 0:01:10]} Ba4
{[%clk 0:07:26]} 35. Bxa4 {[%clk 0:00:34]} Rxa4 {[%clk 0:07:55]} 36. Rb4
{[%clk 0:00:41]} Ra1+ {[%clk 0:06:26]} 37. Kf2 {[%clk 0:00:35]} Ra2+
{[%clk 0:02:02]} 38. Kg3 {[%clk 0:00:57]} Rc2 {[%clk 0:00:39]} 39. Rb3
{[%clk 0:00:34]} f5 {[%clk 0:00:39]} 40. Rb8+ {[%clk 0:30:31]} Kg7
{[%clk 0:31:04]} 41. Re8 {[%clk 0:16:57]} Rxc3 {[%clk 0:30:06]} 42. Rxe7
{[%clk 0:17:21]} Rxc4 {[%clk 0:30:30]} 43. exf5 {[%clk 0:16:00]} Kf6
{[%clk 0:30:44]} 44. Rd7 {[%clk 0:13:05]} Ng7 {[%clk 0:31:04]} 45. Kf3
{[%clk 0:09:56]} Nxf5 {[%clk 0:30:50]} 46. Bf2 {[%clk 0:09:27]} Rc3+
{[%clk 0:29:13]} 47. Ke2 {[%clk 0:07:13]} h5 {[%clk 0:24:43]} 48. h4
{[%clk 0:05:19]} Ke6 {[%clk 0:15:10]} 49. Rd8 {[%clk 0:05:24]} Ne7
{[%clk 0:15:19]} 50. Re8 {[%clk 0:04:20]} Kd7 {[%clk 0:08:11]} 51. Rf8
{[%clk 0:04:15]} f5 {[%clk 0:07:11]} 52. Bd4 {[%clk 0:03:02]} Rh3
{[%clk 0:06:31]} 53. Bc5 {[%clk 0:00:58]} Rh2+ {[%clk 0:06:36]} 54. Kd3
{[%clk 0:00:33]} Ng6 {[%clk 0:05:31]} 55. Rxf5 {[%clk 0:00:58]} Ke6
{[%clk 0:05:56]} 56. Rg5 {[%clk 0:00:42]} Nxf4+ {[%clk 0:04:57]} 57. Ke4
{[%clk 0:00:53]} Rxh4 {[%clk 0:00:54]} 58. Bf2 {[%clk 0:01:16]} Rg4
{[%clk 0:01:11]} 59. Rxg4 {[%clk 0:01:41]} Ke5+ {[%clk 0:00:31]} 1/2-1/2

[Event "WYCC Open U16"]
[Site "Porto Carras"]
[Date "2015.10.26"]
[Round "2.8"]
[White "Shtembuliak, Evgeny"]
[Black "Drakoulakos, Grigorios"]
[Result "1-0"]
[BlackElo "2234"]
[WhiteElo "2416"]
[LiveChessVersion "1.4.6"]

1. Nf3 {[%clk 1:30:57]} Nf6 {[%clk 1:30:20]} 2. g3 {[%clk 1:31:20]} b6
{[%clk 1:30:43]} 3. Bg2 {[%clk 1:31:32]} Bb7 {[%clk 1:31:06]} 4. d3
{[%clk 1:31:10]} c5 {[%clk 1:30:20]} 5. e4 {[%clk 1:31:14]} d6 {[%clk 1:30:37]}
6. O-O {[%clk 1:31:25]} e6 {[%clk 1:30:35]} 7. h3 {[%clk 1:25:51]} Be7
{[%clk 1:29:35]} 8. Re1 {[%clk 1:23:44]} O-O {[%clk 1:29:04]} 9. Nbd2
{[%clk 1:24:06]} Nbd7 {[%clk 1:27:17]} 10. g4 {[%clk 1:22:25]} Qc7
{[%clk 1:22:26]} 11. Nf1 {[%clk 1:18:07]} Rfd8 {[%clk 1:21:28]} 12. Ng3
{[%clk 1:17:48]} Rac8 {[%clk 1:21:10]} 13. g5 {[%clk 1:17:18]} Ne8
{[%clk 1:21:30]} 14. h4 {[%clk 1:17:19]} d5 {[%clk 1:12:08]} 15. e5
{[%clk 1:14:40]} d4 {[%clk 1:10:10]} 16. Bf4 {[%clk 1:05:07]} Nf8
{[%clk 1:04:47]} 17. h5 {[%clk 1:01:43]} c4 {[%clk 0:50:26]} 18. Nh2
{[%clk 1:01:15]} Bxg2 {[%clk 0:46:56]} 19. Kxg2 {[%clk 1:01:42]} cxd3
{[%clk 0:45:01]} 20. cxd3 {[%clk 1:02:09]} Qc2 {[%clk 0:41:46]} 21. Qf3
{[%clk 1:02:00]} Qc6 {[%clk 0:23:48]} 22. Ne4 {[%clk 1:01:08]} Qd5
{[%clk 0:17:21]} 23. Re2 {[%clk 0:59:52]} Rc6 {[%clk 0:15:02]} 24. Ng4
{[%clk 0:59:44]} Rdc8 {[%clk 0:15:22]} 25. Rg1 {[%clk 0:58:46]} Rc2
{[%clk 0:15:43]} 26. Rxc2 {[%clk 0:59:09]} Rxc2 {[%clk 0:16:11]} 27. Kh1
{[%clk 0:56:48]} Nd7 {[%clk 0:14:50]} 28. b4 {[%clk 0:20:57]} a6 {[%clk 0:12:29]}
29. a3 {[%clk 0:20:42]} Rc8 {[%clk 0:12:05]} 30. Rg3 {[%clk 0:20:14]} Bd8
{[%clk 0:11:24]} 31. Kg1 {[%clk 0:16:54]} Bc7 {[%clk 0:09:50]} 32. Ngf6+
{[%clk 0:16:14]} Ndxf6 {[%clk 0:08:28]} 33. gxf6 {[%clk 0:16:38]} Bxe5
{[%clk 0:07:36]} 34. Rg5 {[%clk 0:13:32]} Bxf4 {[%clk 0:05:23]} 35. Rxd5
{[%clk 0:13:36]} exd5 {[%clk 0:05:48]} 36. Qxf4 {[%clk 0:13:27]} dxe4
{[%clk 0:06:11]} 37. Qxe4 {[%clk 0:13:31]} Nxf6 {[%clk 0:06:24]} 38. Qxd4
{[%clk 0:13:23]} Nxh5 {[%clk 0:04:44]} 39. Qxb6 {[%clk 0:13:30]} Nf4
{[%clk 0:04:46]} 40. Qxa6 {[%clk 0:43:37]} Rc1+ {[%clk 0:32:52]} 41. Kh2
{[%clk 0:44:04]} g5 {[%clk 0:32:39]} 42. Qf6 {[%clk 0:43:05]} Ne6
{[%clk 0:32:56]} 43. b5 {[%clk 0:43:27]} 1-0

[Event "WYCC Open U16"]
[Site "Porto Carras"]
[Date "2015.10.26"]
[Round "2.9"]
[White "Sousa, Andre Ventura"]
[Black "Sarana, Alexey"]
[Result "1/2-1/2"]
[BlackElo "2413"]
[WhiteElo "2251"]
[LiveChessVersion "1.4.6"]

1. e4 {[%clk 1:30:58]} c6 {[%clk 1:30:53]} 2. Nf3 {[%clk 1:30:47]} d5
{[%clk 1:31:16]} 3. Nc3 {[%clk 1:31:13]} Nf6 {[%clk 1:31:31]} 4. e5
{[%clk 1:31:37]} Ne4 {[%clk 1:31:53]} 5. Qe2 {[%clk 1:31:46]} Nxc3
{[%clk 1:32:02]} 6. dxc3 {[%clk 1:32:10]} Qb6 {[%clk 1:32:17]} 7. Qe3
{[%clk 1:28:48]} c5 {[%clk 1:26:07]} 8. Bd3 {[%clk 1:26:39]} Nc6 {[%clk 1:24:31]}
9. Qf4 {[%clk 1:20:05]} h6 {[%clk 1:18:54]} 10. O-O {[%clk 1:14:12]} g5
{[%clk 1:16:15]} 11. Qg3 {[%clk 1:12:51]} Bg7 {[%clk 1:13:33]} 12. Re1
{[%clk 1:10:32]} c4 {[%clk 1:05:34]} 13. Bf1 {[%clk 1:09:17]} Bf5
{[%clk 1:05:47]} 14. b3 {[%clk 1:05:16]} cxb3 {[%clk 1:03:09]} 15. cxb3
{[%clk 1:03:03]} e6 {[%clk 1:02:10]} 16. Ba3 {[%clk 0:54:45]} O-O-O
{[%clk 0:57:15]} 17. Rad1 {[%clk 0:44:58]} Bf8 {[%clk 0:45:06]} 18. Bxf8
{[%clk 0:42:57]} Rhxf8 {[%clk 0:45:35]} 19. Nd4 {[%clk 0:42:38]} Nxd4
{[%clk 0:42:46]} 20. Rxd4 {[%clk 0:43:03]} Rd7 {[%clk 0:38:49]} 21. Red1
{[%clk 0:42:09]} Rfd8 {[%clk 0:37:26]} 22. h4 {[%clk 0:37:04]} a6
{[%clk 0:30:53]} 23. hxg5 {[%clk 0:35:53]} hxg5 {[%clk 0:29:49]} 24. Qxg5
{[%clk 0:34:56]} Qc7 {[%clk 0:29:47]} 25. Qg3 {[%clk 0:33:17]} Bc2
{[%clk 0:23:25]} 26. R1d2 {[%clk 0:32:12]} Be4 {[%clk 0:23:43]} 27. c4
{[%clk 0:25:07]} Kb8 {[%clk 0:21:14]} 28. Qf4 {[%clk 0:15:47]} Ka8
{[%clk 0:18:04]} 29. cxd5 {[%clk 0:14:56]} Bxd5 {[%clk 0:18:21]} 30. Bc4
{[%clk 0:14:05]} Bc6 {[%clk 0:15:43]} 31. Rd6 {[%clk 0:10:17]} Rxd6
{[%clk 0:15:00]} 32. exd6 {[%clk 0:10:37]} Qa5 {[%clk 0:15:27]} 33. Rd1
{[%clk 0:08:20]} Rh8 {[%clk 0:11:28]} 34. Be2 {[%clk 0:04:26]} Qxa2
{[%clk 0:07:36]} 35. Qe5 {[%clk 0:02:22]} Rd8 {[%clk 0:07:16]} 36. b4
{[%clk 0:01:51]} Qb3 {[%clk 0:07:14]} 37. d7 Qxb4 {[%clk 0:06:17]} 38. Qc7
{[%clk 0:01:15]} Rxd7 {[%clk 0:03:37]} 39. Rxd7 {[%clk 0:31:34]} Qe1+
{[%clk 0:34:02]} 40. Bf1 {[%clk 0:31:56]} Bxd7 {[%clk 0:34:28]} 41. Qxd7
{[%clk 0:31:55]} f5 {[%clk 0:34:48]} 42. Qc8+ {[%clk 0:30:11]} Ka7
{[%clk 0:35:07]} 43. Qc5+ {[%clk 0:30:38]} Kb8 {[%clk 0:35:33]} 44. Qe3
{[%clk 0:28:38]} Qxe3 {[%clk 0:35:50]} 45. fxe3 {[%clk 0:29:05]} Kc7
{[%clk 0:36:16]} 46. Kf2 {[%clk 0:28:52]} Kd6 {[%clk 0:36:41]} 47. Ke2
{[%clk 0:28:47]} b5 {[%clk 0:36:13]} 48. Kd3 {[%clk 0:27:16]} Kd5
{[%clk 0:36:32]} 49. g3 {[%clk 0:27:03]} a5 {[%clk 0:36:36]} 50. Bg2+
{[%clk 0:26:52]} Kc5 {[%clk 0:36:22]} 51. Kc3 {[%clk 0:25:54]} a4
{[%clk 0:36:43]} 52. Bf3 {[%clk 0:24:44]} b4+ {[%clk 0:35:36]} 53. Kb2
{[%clk 0:25:08]} e5 {[%clk 0:35:01]} 54. Bd1 {[%clk 0:24:53]} f4 {[%clk 0:31:28]}
55. gxf4 {[%clk 0:25:19]} exf4 {[%clk 0:31:55]} 56. exf4 {[%clk 0:25:45]} Kd5
{[%clk 0:31:51]} 57. Bf3+ {[%clk 0:25:47]} Ke6 {[%clk 0:32:15]} 58. Bd1
{[%clk 0:26:09]} Kf5 {[%clk 0:32:41]} 1/2-1/2